<?xml version="1.0" encoding="UTF-8"?>
<collection xmlns="http://www.loc.gov/MARC21/slim">
 <record>
  <leader>01604nas a22003011  4500</leader>
  <controlfield tag="001">1/50407</controlfield>
  <controlfield tag="008">050215c19512003enkqrzp           a0eng d</controlfield>
  <datafield tag="022" ind1=" " ind2=" ">
   <subfield code="a">0039-0526</subfield>
  </datafield>
  <datafield tag="035" ind1=" " ind2=" ">
   <subfield code="l">26369</subfield>
  </datafield>
  <datafield tag="040" ind1=" " ind2=" ">
   <subfield code="a">DLC</subfield>
   <subfield code="b">GR-PeUP</subfield>
  </datafield>
  <datafield tag="090" ind1=" " ind2=" ">
   <subfield code="a">Aλφαβητική σειρά</subfield>
  </datafield>
  <datafield tag="245" ind1="0" ind2="0">
   <subfield code="a">Journal of the Royal Statistical Society :</subfield>
   <subfield code="b">Series D (The Statistician)</subfield>
  </datafield>
  <datafield tag="260" ind1=" " ind2=" ">
   <subfield code="a">London :</subfield>
   <subfield code="b">Royal Statistical Society,</subfield>
   <subfield code="c">1951-2003</subfield>
  </datafield>
  <datafield tag="300" ind1=" " ind2=" ">
   <subfield code="a">1v. :</subfield>
   <subfield code="b">ill.;</subfield>
   <subfield code="c">25 cm</subfield>
  </datafield>
  <datafield tag="310" ind1=" " ind2=" ">
   <subfield code="a">4 no. a year</subfield>
  </datafield>
  <datafield tag="362" ind1="0" ind2=" ">
   <subfield code="a">Vol.51, part1(March 2002)-</subfield>
  </datafield>
  <datafield tag="546" ind1=" " ind2=" ">
   <subfield code="a">English</subfield>
  </datafield>
  <datafield tag="535" ind1="0" ind2=" ">
   <subfield code="a">Κλειστό Βιβλιοστάσιο.</subfield>
  </datafield>
  <datafield tag="650" ind1=" " ind2="4">
   <subfield code="a">Statistics</subfield>
   <subfield code="v">Periodicals.</subfield>
  </datafield>
  <datafield tag="710" ind1="2" ind2=" ">
   <subfield code="a">Royal Statistical Society (Great Britain)</subfield>
  </datafield>
  <datafield tag="852" ind1=" " ind2=" ">
   <subfield code="a">INST</subfield>
   <subfield code="b">UNIPILB</subfield>
   <subfield code="c">SERIALS</subfield>
   <subfield code="e">20050315</subfield>
   <subfield code="h">Aλφαβητική σειρά</subfield>
   <subfield code="p">41316</subfield>
   <subfield code="q">41316</subfield>
   <subfield code="t">NOLOAN</subfield>
   <subfield code="v">vol.51;no.1:(Μήνας)March;(Έτος)2002</subfield>
   <subfield code="y">23</subfield>
  </datafield>
  <datafield tag="852" ind1=" " ind2=" ">
   <subfield code="a">INST</subfield>
   <subfield code="b">UNIPILB</subfield>
   <subfield code="c">SERIALS</subfield>
   <subfield code="e">20050315</subfield>
   <subfield code="h">Aλφαβητική σειρά</subfield>
   <subfield code="p">41317</subfield>
   <subfield code="q">41317</subfield>
   <subfield code="t">NOLOAN</subfield>
   <subfield code="v">vol.51;no.2:(Μήνας)June;(Έτος)2002</subfield>
   <subfield code="y">23</subfield>
  </datafield>
  <datafield tag="852" ind1=" " ind2=" ">
   <subfield code="a">INST</subfield>
   <subfield code="b">UNIPILB</subfield>
   <subfield code="c">SERIALS</subfield>
   <subfield code="e">20050315</subfield>
   <subfield code="h">Aλφαβητική σειρά</subfield>
   <subfield code="p">41318</subfield>
   <subfield code="q">41318</subfield>
   <subfield code="t">NOLOAN</subfield>
   <subfield code="v">vol.51;no.3:(Μήνας)September;(Έτος)2002</subfield>
   <subfield code="y">23</subfield>
  </datafield>
  <datafield tag="852" ind1=" " ind2=" ">
   <subfield code="a">INST</subfield>
   <subfield code="b">UNIPILB</subfield>
   <subfield code="c">SERIALS</subfield>
   <subfield code="e">20050315</subfield>
   <subfield code="h">Aλφαβητική σειρά</subfield>
   <subfield code="p">41319</subfield>
   <subfield code="q">41319</subfield>
   <subfield code="t">NOLOAN</subfield>
   <subfield code="v">vol.51;no.4:(Μήνας)December;(Έτος)2002</subfield>
   <subfield code="y">23</subfield>
  </datafield>
  <datafield tag="856" ind1="4" ind2="1">
   <subfield code="u">http://www.blackwell-synergy.com/servlet/useragent?func=showIssues&amp;code=rssd</subfield>
  </datafield>
  <datafield tag="900" ind1=" " ind2=" ">
   <subfield code="a">Vol. 52 no. 1 (March 2003)</subfield>
   <subfield code="b">Οφειλόμενο</subfield>
   <subfield code="c">07/04/2005</subfield>
  </datafield>
  <datafield tag="950" ind1=" " ind2=" ">
   <subfield code="a">01/03/2002</subfield>
   <subfield code="c">SWETS INFORMATION SERVICES</subfield>
   <subfield code="d">271</subfield>
  </datafield>
  <datafield tag="951" ind1=" " ind2=" ">
   <subfield code="a">Vol. 51 no. 1 (March 2002) - Vol. 51 no. 4 (December 2002)</subfield>
   <subfield code="b">Main run</subfield>
  </datafield>
 </record>
</collection>
